Así se hizo américa /
Guardado en:
| Autor Principal: | |
|---|---|
| Formato: | Libro |
| Publicado: |
Buenos Aires :
Dictio,
1977
|
| Edición: | 2a. ed. |
| Series: | Bibl. Dictio/secci¢n hist., 16
|
| Materias: | |
| Etiquetas: |
Agregar Etiqueta
Sin Etiquetas, Sea el primero en etiquetar este registro!
|
| LEADER | 00529nam a22001935a 4500 | ||
|---|---|---|---|
| 001 | CEM.cems005986 | ||
| 005 | 20060214000000.0 | ||
| 008 | 130507s1977##################000#0#####d | ||
| 003 | CEMS | ||
| 082 | 0 | 4 | |a 980.02 |
| 100 | 1 | |a Sierra, Vicente D. | |
| 245 | 1 | 0 | |a Así se hizo américa / |
| 250 | |a 2a. ed. | ||
| 260 | |a Buenos Aires : |b Dictio, |c 1977 | ||
| 300 | |a 402 p. | ||
| 490 | 0 | |a Bibl. Dictio/secci¢n hist., 16 | |
| 653 | |a Historia | ||
| 653 | |a Historia de america | ||
| 859 | |a CEMS |b BIB. CEMS - 11 de abril |h 980.02 |i Si17a2 |p 7832.80 |t Ej.1 | ||
